MANAGERIAL ECONOMICS ANALYSIS PROBLEM CA (Record no. 25506)
[ view plain ]
| 000 -LEADER | |
|---|---|
| fixed length control field | 00377nam a2200145Ia 4500 |
| 008 - FIXED-LENGTH DATA ELEMENTS--GENERAL INFORMATION | |
| fixed length control field | 240624s9999 xx 000 0 und d |
| 041 ## - LANGUAGE CODE | |
| Language code of text/sound track or separate title | eng |
| 082 ## - DEWEY DECIMAL CLASSIFICATION NUMBER | |
| Classification number | 330 TRU |
| 100 ## - MAIN ENTRY--PERSONAL NAME | |
| Personal name | TRUETT LILA J |
| 245 ## - TITLE STATEMENT | |
| Title | MANAGERIAL ECONOMICS ANALYSIS PROBLEM CA |
| 250 ## - EDITION STATEMENT | |
| Edition statement | (8th ed.) |
| 260 ## - PUBLICATION, DISTRIBUTION, ETC. | |
| Date of publication, distribution, etc. | 2014 |
| Place of publication, distribution, etc. | New Delhi |
| Name of publisher, distributor, etc. | Wiley India |
| 300 ## - PHYSICAL DESCRIPTION | |
| Extent | xxvi, : 742 : p. : cm. ; 25 |
| 365 ## - TRADE PRICE | |
| Currency code | RS |
| Price amount | 33 |
| Withdrawn status | Lost status | Damaged status | Not for loan | Home library | Current library | Shelving location | Date acquired | Source of acquisition | Cost, normal purchase price | Full call number | Barcode | Date last seen | Copy number | Price effective from | Koha item type |
|---|---|---|---|---|---|---|---|---|---|---|---|---|---|---|---|
| IMTN | IMTN | Rack 7-A | 11/20/2015 | VBC | 549.00 | 330 TRU | 25506 | 06/24/2024 | 1 | 06/24/2024 | Books |